Management Dictionary Fachwörterbuch für Betriebswirtschaft, Wirtschafts- und Steuerrecht und Lochkartenwesen
Guardado en:
| Autor principal: | |
|---|---|
| Otros Autores: | |
| Formato: | Libro |
| Lenguaje: | inglés alemán |
| Publicado: |
Berlin
Walter de Gruyter und Co.
1966
|
| Edición: | 3. durchgesehene und erweit. Aufl. |
| Etiquetas: |
Sin Etiquetas, Sea el primero en etiquetar este registro!
|
MARC
| LEADER | 00000nam a2200000 4500 | ||
|---|---|---|---|
| 001 | c122600 | ||
| 005 | 20231103122157.9 | ||
| 041 | 0 | |a eng | |
| 041 | 0 | |a ger | |
| 044 | |a DE | ||
| 245 | 1 | 0 | |a Management Dictionary |b Fachwörterbuch für Betriebswirtschaft, Wirtschafts- und Steuerrecht und Lochkartenwesen |c Werner Sommer, Hans-Martin Schönfeld |
| 250 | |a 3. durchgesehene und erweit. Aufl. | ||
| 264 | 1 | |a Berlin |b Walter de Gruyter und Co. |c 1966 | |
| 300 | |a 302 s. | ||
| 100 | 1 | |a Sommer, Werner | |
| 700 | 1 | |a Schönfeld, Hans-Martin | |